عرض عادي
عرض مارك
- ابن عبد الوهاب، محمد بن عبد الوهاب بن سليمان،
مدخل إسم شخص
001 - رقم الضبط
- حقل الضبط: 3635
003 - معرف رقم الضبط
- حقل الضبط: OSt
005 - تاريخ ووقت أخر عملية
- حقل الضبط: 20110903144827.0
008 - عناصر بيانات ثابتة الطول
- حقل تحكم ثابت الطول: 110903|||a|||||| | ||| d
040 ## - مصدر الفهرسة
- هيئة الفهرسة الأصلية: OSt
- وكالة الكتابة: OSt
100 ## - مدخل -- أسم شخص
- إسم شخص: ابن عبد الوهاب، محمد بن عبد الوهاب بن سليمان،
- تواريخ مرتبطة بالاسم: 1115-1206 هـ.
- تفريع عام: دين
670 ## - بيانات المصدر موجوده
- الاستشهاد بالمصدر: Work cat.: (OSt)7780: فتاوى الأئمة النجدية حول قضايا الأمة المصيرية من شيخ الإسلام محمد بن عبد الوهاب إلى ابن باز /, 2007
